01596nas a2200241Ia 4500001001100000003001000011008004100021040002500062041001300087100002100100210001000121222001000131245010600141250001100247260005000258300001200308310001600320362003700336500041800373501011400791520041800905650003101323R239-R2628IT-CnALBA170116c99999999xx |||||||||||| ||und|| aIT-CnALBAcIT-CnALBA aITALIANO aMARITAIN JACQUES aFIDES aFIDES 0aFIDES. RIVISTA DELLA PONTIFICIA OPERA PER LA PRESERVAZIONE DELLA FEDE. N. I-IV. ANNO XLV-XLVI. 1946.  a1a ed. a ROMAbVATICANA - LIBR. EDITR. POLIGL. c1946 a199 p.  aTRIMESTRALE aFascicolo: 1-4 / Anno: 46 (1946) aINDICE DEGLI ARTICOLI E ANALITICO 1946. FEDE E OPERE. RELIGIONE E POLITICA. LO PA HONG UOMO DI AZIONE CATTOLICA. CANZONE DI BERNARDETTA. UNITÀ CATTOLICA. UNITÀ CRISTIANA E LA GUERRA. LETTERATURA E TEOLOGIA. LETTURA A VANVERA. CONVERSIONE DI NEWMAN. PROTESTANTI IN ITALIA. TORRE PELICE, DIVINITÀ DI CRISTO. DOCUMENTI LIBRI. WERPEL F. WILLIAMSON B. DU MONT C. POMPILI A. GIORDANI I. TOMMASI A. OTTONELLO G.B.  aSocietà San Paolo EM - Piazza San Paolo, 14 - 12051 ALBA (CN) (non commercial uses only) ® Copyright 2017 aINDICE DEGLI ARTICOLI E ANALITICO 1946. FEDE E OPERE. RELIGIONE E POLITICA. LO PA HONG UOMO DI AZIONE CATTOLICA. CANZONE DI BERNARDETTA. UNITÀ CATTOLICA. UNITÀ CRISTIANA E LA GUERRA. LETTERATURA E TEOLOGIA. LETTURA A VANVERA. CONVERSIONE DI NEWMAN. PROTESTANTI IN ITALIA. TORRE PELICE, DIVINITÀ DI CRISTO. DOCUMENTI LIBRI. WERPEL F. WILLIAMSON B. DU MONT C. POMPILI A. GIORDANI I. TOMMASI A. OTTONELLO G.B.  aAPOLOGETICA E CONTROVERSIE